Vista normal Vista MARC

Entrada Materia (personas)

Número de registros utilizados en: 4

001 - CONTROL NUMBER

  • control field: 146415

003 - CONTROL NUMBER IDENTIFIER

  • control field: Co-BoUCM

005 - DATE AND TIME OF LATEST TRANSACTION

  • control field: 20211025100123.0

008 - FIXED-LENGTH DATA ELEMENTS

  • fixed length control field: 211025|| aca||aabn | a|a d

040 ## - CATALOGING SOURCE

  • Original cataloging agency: Co-BoUCM
  • Transcribing agency: Co-BoUCM

100 ## - HEADING--PERSONAL NAME

  • Personal name: Bouchet, Alain

670 ## - SOURCE DATA FOUND

  • Source citation: Work cat.: (Co-BoUCM)79852: Bouchet, Alain, Anatomía descriptiva, topográfica y funcional, 1979